Rakúsky bankový sektor vstúpil do éry koncentrácií

Konkurencia v Európskej únii a éra koncentrácií rakúskych bánk. Silné prepojenie priemyslu a bankovníctva. Hustá sieť bankových pobočiek. Fúzie - riešenie rozdrobenosti bankového sektora. Organizácia bánk v piatich bankových zväzoch. Politické pozadie fúzií v rakúskom bankovom sektore.

Guardado en:
Detalles Bibliográficos
Autor principal: Suďa, P.
Formato: Capítulo de libro
Lenguaje:eslovaco
Materias:
Etiquetas: Agregar Etiqueta
Sin Etiquetas, Sea el primero en etiquetar este registro!

MARC

LEADER 00000naa a2200000 4500
001 r028013
005 20230921082106.8
041 0 |a slo 
044 |a SK 
245 1 0 |a Rakúsky bankový sektor vstúpil do éry koncentrácií  |c P. Suďa 
520 |a Konkurencia v Európskej únii a éra koncentrácií rakúskych bánk. Silné prepojenie priemyslu a bankovníctva. Hustá sieť bankových pobočiek. Fúzie - riešenie rozdrobenosti bankového sektora. Organizácia bánk v piatich bankových zväzoch. Politické pozadie fúzií v rakúskom bankovom sektore. 
610 2 0 |a banky 
610 2 0 |a koncentrácia 
610 2 0 |a fúzie 
610 2 0 |a sústava banková 
610 2 0 |a Rakúsko 
100 1 |a Suďa, P.